| 000 | 00357nam a22001337a 4500 | ||
|---|---|---|---|
| 005 | 20240708111544.0 | ||
| 008 | 240708b |||||||| |||| 00| 0 eng d | ||
| 041 | _aeng | ||
| 100 |
_a SINGH, DEVENDRA _98447 |
||
| 245 | _aBHARTIYA NYAY VYAWASTHA KI OOPNIWESHVAD SE MUKTI | ||
| 260 |
_aNEW DELHI _bSHIKSHA SANSKRITI UTTHAN NYAS |
||
| 300 | _a30;p | ||
| 942 | _cBK | ||
| 999 |
_c8557 _d8555 |
||